Sanat- "2:02" - Aliisa Syrjä - Statistics

Yleistilastot
  • Tätä visaa on pelattu 132 kertaa
  • Keskiarvotulos 158 / 237
Vastaustilastot
Vastaus % Oikein
2:02
94%
94%
kello
93%
ei
91%
ja
91%
Ja
91%
voit
91%
me
90%
olla
90%
niin
89%
uskotella
88%
ku
85%
mut
85%
jos
83%
81%
on
80%
vai
79%
tää
78%
oli
77%
se
77%
kii
75%
kun
75%
Taas
75%
taas
75%
ees
74%
elämä
74%
takas
74%
vetää
74%
ollaan
73%
turpiin
73%
vedetään
73%
hyvii
72%
ihan
72%
oot
72%
vastuksii
72%
voittamattomi
72%
rakas
70%
sanot
70%
meit
69%
pelti
69%
vaik
69%
onneks
68%
siin
68%
nyt
67%
olin
65%
kai
64%
oikeesti
64%
et
63%
kaupunki
63%
mis
63%
koko
62%
kuka
62%
voittamattomii
60%
yks
60%
näki
59%
mies
58%
huomenna
57%
joku
56%
jonku
56%
kadun
56%
kaikkee
56%
ohjaa
56%
vaan
54%
hatun
53%
kärpäsii
53%
mun
52%
jotain
51%
saa
51%
ylhäältä
51%
jonkun
49%
mistään
47%
taisin
46%
tätä
46%
eikä
44%
pohjaa
44%
korjaa
43%
pienii
43%
pöllii
43%
aina
42%
enkä
42%
pää
42%
rikkoo
42%
mukaan
41%
tuntuu
40%
vitun
40%
huutaa
38%
kerkee
38%
kiinni
38%
ollu
38%
huidon
37%
käsi
37%
lujaa
37%
nää
37%
sun
37%
pitkään
36%
biisi
35%
kuuntele
35%
uskon
35%
viinii
35%
kädessä
33%
silmät
33%
laula
32%
luuleks
32%
anna
31%
ollaanks
31%
sanat
31%
sydän
31%
Otaks
30%
lääkäri
27%
maailma
27%
tässä
27%
pitkänimisen
26%
antais
25%
joudun
23%
pulaan
23%
usein
23%
hetken
22%
katastrofin
22%
pelkkää
22%
Varmaan
22%
katu
21%
diagnoosiksi
19%
talot
19%
Ehtoja vastaavia visoja ei löytynyt
Tulosjakauma
Jokaisen tuloksen saaneiden osuus
Persentiili vastausten määrän mukaan
Tuloshistoriasi
Et ole pelannut tätä visaa